[Event "Sherbrooke Perpetuelles 46-51"]
[Site "Sherbrooke"]
[Date "2004.06.04"]
[Round "3"]
[White "Vincent, Pascal"]
[Black "Simoneau, Georges"]
[Result "0-1"]
[WhiteElo "1261"]
[BlackElo "1522"]
[PlyCount "70"]
[EventDate "2004.??.??"]
[EventType "swiss"]
[EventRounds "6"]
[EventCountry "CAN"]
[SourceTitle "EXT 2006"]
[Source "ChessBase"]
[SourceDate "2005.11.24"]
[SourceVersion "1"]
[SourceVersionDate "2005.11.24"]
[SourceQuality "1"]

1. d4 Nf6 2. c4 d5 3. cxd5 Nxd5 4. e4 Nf6 5. Nc3 e6 6. Bg5 Be7 7. Nf3 0-0 8. Bd3 c6 9. 0-0 Nbd7 10. Qc2 h6 11. e5 Nd5 12. Bxe7 Nxe7 13. Ne4 Nd5 14. a3 Qe7 15. Nd6 Nc7 16. Nd2 f5 17. exf6 Nxf6 18. N2e4 Nxe4 19. Nxe4 Rd8 20. Qc4 Nb5 21. Rad1 Rxd4 22. Qb3 Nc7 23. Ng3 Kh8 24. Rfe1 Qf8 25. Nh5 Nd5 26. Bg6 Rg4 27. Qd3 Bd7 28. Re4 Rxg6 29. Rf4 Nxf4 30. Nxf4 Rf6 31. Ng6+ Rxg6 32. Qxg6 Qe7 33. Rd3 Rf8 34. Qe4 Qc5 35. Qh4 Qc1+ 0-1